Melihat dari jendela Islam

Bibliographic Details
Main Author: Datuk Wan Zahidi Wan Teh
Format: Book
Published: Selangor : Al-Hikmah Sdn. Bhd , 2014
Subjects:

MARC

LEADER 00000cam a2200000 7i4500
001 0000044505
005 20150101.0
008 150101
020 |a 9671246825 
090 0 0 |a 297.27   |b WAN 
100 0 |a Datuk Wan Zahidi Wan Teh 
245 1 0 |a Melihat dari jendela Islam   |c koleksi tulisan Datuk Wan Zahidi Wan Teh 
260 |a Selangor :   |b Al-Hikmah Sdn. Bhd ,   |c 2014 
650 0 |a Islam and social problems 
650 0 |a Islam   |x Social 
999 |a 0001324545   |b Book   |c Adult Collection   |e Perbadanan Perpustakaan Awam Johor